Historiaa kirjaimittain - Ö - Statistics

Yleistilastot
  • Tätä visaa on pelattu 114 kertaa
  • Keskiarvotulos 7 / 14
Vastaustilastot
Vihje Vastaus % Oikein
Tämä raaka-aine aiheutti maailmanlaajuisen kriisin vuonna 1973 Öljy
99%
Maalityyppi, jota on käytetty 1400-luvulta lähtien (muun muassa yllä olevassa teoksessa) Öljyväri
82%
Ehtoollisleipä, jota on tarjoiltu Suomen kirkoissa vuodesta 1926 alkaen Öylätti
81%
Alpeilta löydetty tunnettu kuparikautinen muumioitunut vainaja Ötzi
79%
Tämän olentoa tarkoittavan sanan alkuperä löytyy muinaisenglannista, mutta otettiin suomessa käyttöön vasta J. R. R. Tolkienin teoksia käännettäessä Örkki
74%
Tanskalais-hollantilainen liittouma voitti Ruotsin laivaston meritaistelussa vuonna 1676 tämän saaren rannikolla Öölanti
63%
Vincent van Goghin maalaus vuodelta 1888 {Öinen} katukahvila
51%
Historiallisesti merkittävä vuori Jerusalemissa, jossa Jeesus astui taivaaseen Raamatun mukaan Öljymäki
41%
Kaupunki Ruotsissa, jossa solmittiin Napoleonien sotien aikana rauha Ruotsin ja Venäjän sekä Iso-Britannian välillä Örebro
39%
Ensimmäisen maailmansodan aikana linnoitettu ja rannikkotykistön tukikohtana toiminut saari saaristomerellä Örö
16%
Ruotsinkielinen keskiaikainen nimi eteläisen Suomen alueelle Österland
16%
Tämän kaupungin seudulla Storsjön-järven rannalla on ollut asutusta esihistoriallisista ajoista alkaen, mutta se sai kaupunkioikeudet vasta vuonna 1786 Kustaa III:n toimesta Östersund
13%
Kaani, jonka kuolema esti Mongolivaltakunnan mahdollisen laajenemisen länsi-Eurooppaan Ögödei-kaani
4%
Mongolien Il-kaanien valtakunnan hallitsija vuosina 1304-1316, joka kääntyi buddhalaisuudesta islaminuskoon Öljeitü
1%
Ehtoja vastaavia visoja ei löytynyt
Tulosjakauma
Jokaisen tuloksen saaneiden osuus
Persentiili vastausten määrän mukaan
Tuloshistoriasi
Et ole pelannut tätä visaa